| 000 | 01002cam a22003015a 4500 | ||
|---|---|---|---|
| 001 | 015749662 | ||
| 003 | OSt | ||
| 005 | 20240818092959.0 | ||
| 008 | 110202t2012 njua frb 001 0 eng d | ||
| 020 | _a0132374900 (pbk.) | ||
| 020 | _a9780132374903 | ||
| 040 |
_aStDuBDS _beng _cStDuBDS _dUk _dEG-ScBUE |
||
| 082 | 0 | 4 |
_a572.078 _bBOY _222 |
| 100 | 1 |
_aBoyer, Rodney F. _938945 |
|
| 245 | 1 | 0 |
_aBiochemistry laboratory : _bmodern theory and techniques / _cRodney Boyer. |
| 250 | _a2nd ed., International ed. | ||
| 260 |
_aUpper Saddle River : _bPearson Prentice Hall, _cc.2012. |
||
| 300 |
_axix, 362 p. : _bill. ; _c24 cm. |
||
| 500 | _aIndex : p. 353-362. | ||
| 504 | _aIncludes bibliographical references. | ||
| 650 | 7 |
_aBiochemistry _vLaboratory manuals. _2BUEsh _938946 |
|
| 651 | _2BUEsh | ||
| 653 |
_bENGGEN _cJune2015 _cDecember2015 _cJanuary2016 |
||
| 942 |
_2ddc _hRDA-MOD |
||
| 999 |
_c20056 _d20028 |
||
| 336 |
_2rdacontent _atext _btxt |
||
| 337 |
_aunmediated _2rdamedia _bn |
||
| 338 |
_avolume _bnc _2rdacarrier |
||